| 000 | 00371cam a2200145ua 4500 | ||
|---|---|---|---|
| 041 |
_aeng _h |
||
| 082 |
_a823.308 _bTSI/CA |
||
| 100 | _aTsiolkovsky, K . | ||
| 245 |
_aCall of the cosmos / _cK.Tsiolkovsky. _hTextual Documents |
||
| 260 |
_aMoscow : _bForeign Language Publishing House , _c1920. |
||
| 300 | _a475 ; . | ||
| 504 | _a | ||
| 942 | _cBK | ||
| 999 |
_c7686 _d7686 |
||